000 00587nam a2200193 a 4500
003 OSt
005 20240226154930.0
008 180227t pk | |||| 000 f urd d
040 _c0
082 _a891.4393
_bHAJ
100 1 0 _aحجازی،نسيم
_947098
245 1 0 _aٖپرديسی درخت
_cNaseem hajazi
246 _aPardesi Daraht
260 _aLahore:
_bJahangir Book Depo;
300 _a315 p.
650 _aUrdu literature
_vNoval
_9121292
942 _2ddc
_cBK
_aSADA
_k891.4393 HAJ
999 _c608256
_d608256